What Katy did : (Record no. 130458)

MARC details
000 -LEADER
fixed length control field 00648nam a22002177a 4500
005 - DATE AND TIME OF LATEST TRANSACTION
control field 20170124110112.0
010 ## - LIBRARY OF CONGRESS CONTROL NUMBER
LC control number A-297245
020 ## - INTERNATIONAL STANDARD BOOK NUMBER
Terms of availability 00.00
International Standard Book Number 0600311708
035 ## - SYSTEM CONTROL NUMBER
System control number A-297245
037 ## - SOURCE OF ACQUISITION
Source of stock number/acquisition Cen Lib/Ret
040 ## - CATALOGING SOURCE
Original cataloging agency DPL
Language of cataloging EN
082 ## - DEWEY DECIMAL CLASSIFICATION NUMBER
Classification number N
Item number COO
100 ## - MAIN ENTRY--PERSONAL NAME
Personal name Coolidge, Susan
9 (RLIN) 29250
245 ## - TITLE STATEMENT
Title What Katy did :
Statement of responsibility, etc by Susan Coolidge
Remainder of title what Katy did at school /
260 ## - PUBLICATION, DISTRIBUTION, ETC. (IMPRINT)
Name of publisher, distributor, etc Hamlyn Publishing Group
Date of publication, distribution, etc 1986
Place of publication, distribution, etc England
270 ## - ADDRESS
Address Bridge House, London Road, Twickenham, Middlesex
300 ## - PHYSICAL DESCRIPTION
Extent 271p. :
Dimensions 21cm(Hb)
Other physical details ill.
650 ## - SUBJECT ADDED ENTRY--TOPICAL TERM
Topical term or geographic name as entry element Family life -- Fiction
9 (RLIN) 29251
650 ## - SUBJECT ADDED ENTRY--TOPICAL TERM
Topical term or geographic name as entry element Children's audiobooks
9 (RLIN) 29252
942 ## - ADDED ENTRY ELEMENTS (KOHA)
Source of classification or shelving scheme Dewey Decimal Classification
Koha item type English Books
Classification part N
Call number suffix COO
Holdings
Withdrawn status Lost status Damaged status Not for loan Home library Current library Date acquired Source of acquisition Cost, normal purchase price Total Checkouts Full call number Barcode Date last seen Copy number Cost, replacement price Price effective from Koha item type Public note
Written off       Central Library Central Library 09/07/2015 Cen Lib/Ret 0.00   N COO A-297245 09/07/2015 1 0.00 09/07/2015 English Books W/d List No. 6847/14 : dtd 9/7/20

© Delhi Public Library
Hit Counter
free hit counter